Lasers in agriculture / (رقم التسجيلة. 30396)

تفاصيل مارك
000 -الفاتح
حقل البيانات ثابتة الطول 00613nam a22002177a 4500
003 - محدد رقم الضبط
رقم الضبط OSt
005 - وقت وتاريخ اخر تعامل مع التسجيلة
رقم الضبط 20150408114137.0
008 - عناصر البيانات ثابتة الطول - معلومات عامة
حقل البيانات ثابتة الطول 130805s1998 enka f b 001 0 eng
020 ## - الرقم الدولى المعيارى للكتب
الرقم الدولى المعيارى للكتاب 1578080169
040 ## - مصدر الفهرسة
وكالة الفهرسة الأصلية Ma-Un
082 00 - رقم تصنيف ديوى العشرى
رقم الطبعة 21
رقم التصنيف 621.36602463
رقم المادة PYL
100 1# - المدخل الرئيسى - إسم شخصى
الإسم الشخصى Posudin, Yuri I.
9 (RLIN) 36563
245 10 - بيان العنوان
العنوان Lasers in agriculture /
بيان المسئوليه,etc Yuri I. Posudin.
260 ## - PUBLICATION, DISTRIBUTION, ETC. (IMPRINT)
مكان الناشر او الموزع Plymouth :
اسم الناشر او الموزع Science,
تاريخ النشر أو التوزيع 1998.
300 ## - الوصف المادى
التعداد 188 p. :
تفاصيل ماديه اخرى للوعاء ill ;
أبعاد الوعاء 24 cm.
500 ## - تبصرة عامة
تبصرة عامة icludes index.
504 ## - تبصرة ببليوجرافية
تبصرة ببليوجرافية,الخ icludes bibliographical references.
650 #0 - المدخل الاضافى بالموضوع-مصطلح موضوعى
مصطلح موضوعي أو اسم جغرافي كعنصر مدخل Agricultural innovations.
9 (RLIN) 36564
650 #0 - المدخل الاضافى بالموضوع-مصطلح موضوعى
مصطلح موضوعي أو اسم جغرافي كعنصر مدخل Lasers.
9 (RLIN) 4620
942 ## -
-- ddc
-- BOOK
999 ## -
-- 30396
-- 264896
المقتنيات
حالة الفقد نموذج السعر الفعال حالة تلف ليس للاعارة رقم الطلب رقم النسخة تاريخ الاكتساب Serial Enumeration / chronology الباركود الفرع الرئيسي Date last seen نوع المادة فى نظام كوها مصدر التصنيف او خطة الترفيف Total Checkouts
  2013-08-06   Not For Loan 621.36602463 PYL 1 2013-08-06 CL 00206152 المكتبة المركزية بالمجمعة (CL) 2013-08-06 كتاب Dewey Decimal Classification